| 000 | 00457cam a22001457a 4500 | ||
|---|---|---|---|
| 008 | 180718b1915 xxu||||| |||| 00| 0 eng d | ||
| 082 | _aB19x54 Sl24 | ||
| 100 | _aSleeman, W.H. | ||
| 245 |
_aRambles and recollections of an Indian official _cbyW.H.Sleeman |
||
| 260 |
_aLondon _bHumphirey Milford _c1915 |
||
| 300 | _axxxvii,667 | ||
| 500 | _ars.481.00 | ||
| 650 | _aIndia --Description and travel. | ||
| 650 | _aSleeman, W. H. (William Henry)-Sir- 1788-1856 | ||
| 999 |
_c419500 _d419500 |
||